000 00305nam a2200133Ia 4500
008 230216s9999 xx 000 0 und d
082 _bRED-A
100 _aREDDY D S
245 0 _aAPPLIED ENTOMOLOGY
250 _a4TH
260 _aDJ BOOK DELHI
_bNEW VISHAL PUBLICATION
300 _a264
942 _cBK
999 _c41463
_d41463